Регионална библиотека "Любен Каравелов" - Русе

Малкото великанче (Запис номер 148674)

MARC детайли
000 -Лидер
Контролно поле с фиксирана дължина nam a22 a 4500
003 - Код на организацията, давaща контролен номер
Контролно поле BLK
005 - Дата и час на последна редакция
Контролно поле 20230203132121.0
008 - Елементи от данни с фиксирана дължина
fixed length control field 180410b bul|||||r ||||||| ||bul||
010 ## - Наследен системен номер
LC control number KNG00154899000
040 ## - Източник на каталожния запис
Идентификатор на билиотеката - собственик на записа BLK
041 ## - Код за език
Код за езика на текст/звукозапис или на отделно заглавие Български
Код за езика КДБФ Български
080 ## - УДК
Текстов определител УДК Руска литература
УДК код - определител по УДК 821.161.1
УДК определител -93-34
УДК - код + определител 821.161.1-93-34
100 1# - Редна дума - Автор
Автор Циферов, Генадий Михайлович
Авторска отговорност първи автор
R(LIN) 140113
139 ## - Редно поле
Редна дума Циферов, Генадий Михайлович
Авторски знак Циф - Ц 70
245 10 - Сведения за заглавието
Заглавие Малкото великанче
Подзаглавни данни Сб. приказки за деца
Редно поле (дума) Генадий Михайлович Циферов; прев. от рус. Русалина Попова; худож. Елияна Иванова Търновска.
250 ## - Област на изданието
Сведения за изданието 2. изд.
257 ## - Страна на издаване
Страна на създаване/издаване СССР
260 ## - Област на издателските данни
Място на издаване, разпространение и проч. София
Име на издателя, разпространителя и проч. Отечество
Година на издаване 1985
300 ## - Физическа характеристика
Страници 64 с.
Илюстрации и др. с цв. ил.
Размери/Мащаб 22Х29 см
380 ## - Жанр
Жанр Детска худож. лит.
490 ## - СЕРИИ (Колекции)
Име на серия Библиотека Сънчо
9 (RLIN) 205309
500 ## - Общи забележки
Забележка 1. изд. 1977 със загл. Приказки и худож. В. Чижиков. - 56 115 тир.
653 ## - Ключова дума – ненормативна
Ключова дума детска литература
653 ## - Ключова дума – ненормативна
Ключова дума приказки
700 1# - Други автори (авторска отговорност)
Лично име Попова, Русалина
Автороска отговорност (Описва отношението между автора и произведението) прев. от рус.
9 (RLIN) 370299
700 1# - Други автори (авторска отговорност)
Лично име Търновска, Елияна Иванова
Автороска отговорност (Описва отношението между автора и произведението) худож.
9 (RLIN) 330099
852 ## - Местоположение
Форматна сигнатура Цб 265911
856 4# - Електронен адрес и достъп
Електронен формат pdf - файл
Инструкция (цена за достъп) 0.00
Права за достъп disable
856 4# - Електронен адрес и достъп
Електронен формат pdf - файл
Инструкция (цена за достъп) 0.00
Права за достъп disable
999 ## - СИСТЕМНИ КОНТРОЛНИ НОМЕРА
Koha biblionumber 148674
Koha biblioitemnumber 148674
942 ## - АРТИКУЛИ
Вид на библиотечния материал Книги
Скрит в OPAC Не
Периодичен библиозапис Да
944 ## - СЪЗДАВАНЕ И РЕДАКЦИЯ на ЗАПИСА
Създаване/Редакция Създаване
Дата на регистрацията/редакция 21.12.2013
Статус, дата на статуса 21.12.2013 - от С1,Р / 21.12.2013
Служител, извършил регистрацията/редакцията Мартин_Стоянов
944 ## - СЪЗДАВАНЕ И РЕДАКЦИЯ на ЗАПИСА
Създаване/Редакция Редакция
Дата на регистрацията/редакция 21.12.2013
Статус, дата на статуса 21.12.2013 - от С1,Р / 21.12.2013
999 ## - СИСТЕМНИ КОНТРОЛНИ НОМЕРА
Koha biblioitemnumber 148674
Наличности
Код за отписване Код за изгубен артикул Източник на класификационната схема Код за повреда Коз за рестрикции Код за отдаване Артикулен № Име на библиотеката - собственик Име на библиотеката, в която се намира в момента Статус (Текущо местоположение) Дата на вписване в системата Местоположение - отдел Цена в лева Инвентарен номер Систематично азбучна сигнатура Баркод Номер на екземпляра Цена в евро Служебна бележка Служебен тип на артикула
  Не е изгубен Universal Decimal Classification Не е повреден без рестрикции ползва се в читалня 247636 Регионална библиотека "Любен Каравелов" Русе Регионална библиотека "Любен Каравелов" Русе Хранилище 1985-01-01 Хранилище 1.08 442925 Цб 265911 120000442925 1 0.55 N: стар фонд Дата: 01.01.1985 Книги
Изтеглен Не е изгубен Universal Decimal Classification Не е повреден без рестрикции заемане за дома 247637 Регионална библиотека "Любен Каравелов" Русе Регионална библиотека "Любен Каравелов" Русе Детски отдел 1985-01-01 Детски отдел 1.08 442587 ДХ 820/899/Ц 70 442587 2 0.55 N: стар фонд Дата: 01.01.1985 Дата инв: 17.09.2015 Бележки инв: Д2015 Книги
Изтеглен Не е изгубен Universal Decimal Classification Не е повреден без рестрикции заемане за дома 247638 Регионална библиотека "Любен Каравелов" Русе Регионална библиотека "Любен Каравелов" Русе Детски отдел 1985-01-01 Детски отдел 1.08 442588 ДХ 820/899/Ц 70 442588 3 0.55 N: стар фонд Дата: 01.01.1985 Дата инв: 17.09.2015 Бележки инв: Д2015 Книги
  Не е изгубен Universal Decimal Classification Не е повреден без рестрикции заемане за дома 247639 Регионална библиотека "Любен Каравелов" Русе Регионална библиотека "Любен Каравелов" Русе Детски отдел 1985-01-01 Детски отдел 1.08 442589 ДХ 820/899/Ц 70 120000442589 4 0.55 N: стар фонд Дата: 01.01.1985 Дата инв: 17.09.2015 Бележки инв: Д2015 Книги
Изтеглен Не е изгубен Universal Decimal Classification Не е повреден без рестрикции заемане за дома 247640 Регионална библиотека "Любен Каравелов" Русе Регионална библиотека "Любен Каравелов" Русе Детски отдел 1985-01-01 Детски отдел 1.08 442590 ДХ 820/899/Ц 70 442590 5 0.55 N: стар фонд Дата: 01.01.1985 Дата инв: 17.09.2015 Бележки инв: Д2015 Книги
Изтеглен Не е изгубен Universal Decimal Classification Не е повреден без рестрикции заемане за дома 247641 Регионална библиотека "Любен Каравелов" Русе Регионална библиотека "Любен Каравелов" Русе Детски отдел 1985-01-01 Детски отдел 1.08 442591 ДХ 820/899/Ц 70 442591 6 0.55 N: стар фонд Дата: 01.01.1985 Дата инв: 06.10.2015 Бележки инв: Д2015 Книги
Vip Innovations Ltd, Rousse, Bulgaria 2025